Prolija Memoria Mayo 2019 (Record no. 10882)
[ view plain ]
| 000 -CABECERA | |
|---|---|
| campo de control de longitud fija | 01516nam a22003857a 4500 |
| 001 - NÚMERO DE CONTROL | |
| campo de control | BRCA_9263 |
| 003 - IDENTIFICADOR DEL NÚMERO DE CONTROL | |
| campo de control | FranzMayer |
| 005 - FECHA Y HORA DE LA ÚLTIMA TRANSACCIÓN | |
| campo de control | 20230717132410.0 |
| 008 - DATOS DE LONGITUD FIJA--INFORMACIÓN GENERAL | |
| campo de control de longitud fija | 230714b |||||||| |||| 00| 0 eng d |
| 020 ## - NÚMERO INTERNACIONAL ESTÁNDAR DEL LIBRO | |
| Número Internacional Estándar del Libro | En trámte |
| 040 ## - FUENTE DE LA CATALOGACIÓN | |
| Centro catalogador/agencia de origen | MFM |
| Lengua de catalogación | esp |
| Centro/agencia transcriptor | MFM |
| 041 ## - CÓDIGO DE LENGUA | |
| Código de lengua del texto/banda sonora o título independiente | esp |
| 050 #0 - SIGNATURA TOPOGRÁFICA DE LA BIBLIOTECA DEL CONGRESO | |
| Número de clasificación | PQ601 |
| Número de documento/Ítem | C53 2019 |
| 110 1# - ENTRADA PRINCIPAL--NOMBRE DE ENTIDAD CORPORATIVA | |
| Código de función/relación | Editorial |
| Nombre de entidad corporativa o nombre de jurisdicción como elemento de entrada | Universidad del Claustro de Sor Juana |
| Unidad subordinada | Estudios de Cultura Virreinal |
| 9 (RLIN) | 28814 |
| 240 1# - TÍTULO UNIFORME | |
| Título uniforme | Prolija Memoria Mayo 2019 |
| Lenguaje de la obra | esp |
| 245 0# - MENCIÓN DE TÍTULO | |
| Título | Prolija Memoria Mayo 2019 |
| 260 ## - PUBLICACIÓN, DISTRIBUCIÓN, ETC. | |
| Lugar de publicación, distribución, etc. | CDMX, México |
| Nombre del editor, distribuidor, etc. | Universidad del Claustro de Sor Juana |
| Fecha de publicación, distribución, etc. | 2019 |
| 300 ## - DESCRIPCIÓN FÍSICA | |
| Extensión | 138 p |
| Otras características físicas | Ilustraciones |
| Dimensiones | 23.5 cm |
| 500 ## - NOTA GENERAL | |
| Nota general | L60/N5 |
| 505 0# - NOTA DE CONTENIDO CON FORMATO | |
| Nota de contenido con formato | Destinado a: Historiadores, investigadores, sociólogos, filólogos, literatosTexto en: españolIncluye índice (temático) |
| 610 1# - PUNTO DE ACCESO ADICIONAL DE MATERIA--NOMBRE DE ENTIDAD CORPORATIVA | |
| Fuente del encabezamiento o término | Editorial Col. |
| Nombre de entidad corporativa o nombre de jurisdicción como elemento de entrada | UNAM |
| Unidad subordinada | Facultad de filosofía y letras |
| 9 (RLIN) | 28815 |
| 650 1# - PUNTO DE ACCESO ADICIONAL DE MATERIA--TÉRMINO DE MATERIA | |
| Fuente del encabezamiento o término | Literatura |
| Término de materia o nombre geográfico como elemento de entrada | Literatura española |
| Subdivisión de forma | Virreinal |
| 9 (RLIN) | 28816 |
| 651 ## - PUNTO DE ACCESO ADICIONAL DE MATERIA--NOMBRE GEOGRÁFICO | |
| Fuente del encabezamiento o término | Nueva España |
| Nombre geográfico | Virreinal |
| Subdivisión de forma | Literatura |
| Subdivisión general | Ensayos |
| 9 (RLIN) | 28817 |
| 700 1# - PUNTO DE ACCESO ADICIONAL--NOMBRE DE PERSONA | |
| Código de función/relación | Dir. |
| Nombre de persona | Bravo Arriaga, Maria Dolores |
| 9 (RLIN) | 28818 |
| 700 1# - PUNTO DE ACCESO ADICIONAL--NOMBRE DE PERSONA | |
| Código de función/relación | Col. |
| Nombre de persona | Costilla Martínez, Héctor |
| 9 (RLIN) | 28819 |
| 700 1# - PUNTO DE ACCESO ADICIONAL--NOMBRE DE PERSONA | |
| Código de función/relación | Col. |
| Nombre de persona | Bravo López, Ulises |
| 9 (RLIN) | 28820 |
| 700 1# - PUNTO DE ACCESO ADICIONAL--NOMBRE DE PERSONA | |
| Código de función/relación | Col. |
| Nombre de persona | Kopylov, Ivan |
| 9 (RLIN) | 28821 |
| 700 1# - PUNTO DE ACCESO ADICIONAL--NOMBRE DE PERSONA | |
| Código de función/relación | Col. |
| Nombre de persona | Camacho Quiroz, Rosa María |
| 9 (RLIN) | 28822 |
| 700 1# - PUNTO DE ACCESO ADICIONAL--NOMBRE DE PERSONA | |
| Código de función/relación | Col. |
| Nombre de persona | Chávez A., Ezequiel |
| 9 (RLIN) | 28823 |
| 700 1# - PUNTO DE ACCESO ADICIONAL--NOMBRE DE PERSONA | |
| Código de función/relación | Col. |
| Nombre de persona | Rincón, Sergio |
| 9 (RLIN) | 28824 |
| 700 1# - PUNTO DE ACCESO ADICIONAL--NOMBRE DE PERSONA | |
| Código de función/relación | Col. |
| Nombre de persona | Valenzuela, Jorge |
| 9 (RLIN) | 28825 |
| 700 1# - PUNTO DE ACCESO ADICIONAL--NOMBRE DE PERSONA | |
| Código de función/relación | Col. |
| Nombre de persona | Ann Ailstrock, Barbara |
| 9 (RLIN) | 28826 |
| 700 1# - PUNTO DE ACCESO ADICIONAL--NOMBRE DE PERSONA | |
| Código de función/relación | Col. |
| Nombre de persona | de Lira Luna, Daniel |
| 9 (RLIN) | 28827 |
| 942 ## - ELEMENTOS DE PUNTO DE ACCESO ADICIONAL (KOHA) | |
| Fuente del sistema de clasificación o colocación | Library of Congress Classification |
| Tipo de ítem Koha | Hemerográfico |
| Estado de retiro | Estado de pérdida | Fuente del sistema de clasificación o colocación | Estado dañado | No para préstamo | Código de colección | Localización permanente | Ubicación/localización actual | Fecha de adquisición | Fuente de adquisición | Total de préstamos | Signatura topográfica completa | Código de barras | Fecha visto por última vez | Número de copia | Precio válido a partir de | Tipo de ítem Koha |
|---|---|---|---|---|---|---|---|---|---|---|---|---|---|---|---|---|
| El ejemplar forma parte de la colección y puede ser consultado según las políticas vigentes. | Library of Congress Classification | Fondo Contemporáneo | Biblioteca del Museo Franz Mayer (Rogerio Casas-Alatriste) | Biblioteca del Museo Franz Mayer (Rogerio Casas-Alatriste) | 14/07/2023 | Donación | PQ601 C53 2019 | CONT10061 | 14/07/2023 | 1 | 14/07/2023 | Hemerográfico |